Point processes and queues, martingale dynamics
Αποθηκεύτηκε σε:
| Κύριος συγγραφέας: | |
|---|---|
| Μορφή: | Βιβλίο |
| Γλώσσα: | English |
| Δημοσίευση: |
New York :
Springer-Verlag,
c1981
|
| Σειρά: | Springer series in statistics
|
| Θέματα: | |
| Ετικέτες: |
Προσθήκη ετικέτας
Δεν υπάρχουν, Καταχωρήστε ετικέτα πρώτοι!
|
MARC
| LEADER | 00000nam a2200000 i 4500 | ||
|---|---|---|---|
| 001 | 1/100635 | ||
| 008 | 090204s1981 eng d | ||
| 020 | |a 0-387-90536-7 | ||
| 035 | |l 10102931 | ||
| 040 | |a GR-MY-UA |b gre |e aacr | ||
| 041 | 0 | |a eng | |
| 082 | 0 | |a 519.2 |2 (22) | |
| 100 | 1 | |a Bremaud, Pierre. | |
| 245 | 1 | 0 | |a Point processes and queues, martingale dynamics / |c Pierre Bremaud |
| 260 | |a New York : |b Springer-Verlag, |c c1981 | ||
| 300 | |a xviii, 354 σ.; |c 24 εκ. | ||
| 490 | 1 | |a Springer series in statistics | |
| 504 | |a Περιέχει βιβλιογραφία (σ. 341-350) και ευρετήριο | ||
| 650 | 0 | 0 | |a Point processes. |
| 650 | 0 | 0 | |a Queuing theory. |
| 650 | 0 | 0 | |a Martingales (Mathematics) |
| 830 | 0 | |a Springer series in statistics | |
| 852 | |a INST |b SAMOS |e 20090204 |h 519.2 BRE |p 005300029445 |q 005300029445 |t BK |y 0 | ||
| 901 | |a BIBL3-2009-1 | ||
| 909 | |a Σ |b 155524 | ||
| 922 | |a 3ΕΛΗ |b 200808 |c ΕΠΕΑΕΚ2/ΤΜΗΜΑ ΜΑΘΗΜΑΤΙΚΩΝ-ΠΡΟΠΤΥΧΙΑΚΟ |d ΜΙΧΑΛΟΠΟΥΛΟΣ | ||
| 970 | |a ΣΙΤΖΙΜΗ |b ΓΙΑΣΕΜΗ |z 2009/02/04 | ||